Structural adjustment programmes and the rural agricultural economy: the case study of Monaragala district of Sri Lanka (Record no. 56847)

000 -LEADER
fixed length control field 00514pab a2200157 454500
008 - FIXED-LENGTH DATA ELEMENTS--GENERAL INFORMATION
fixed length control field 180718b2002 xxu||||| |||| 00| 0 eng d
100 ## - MAIN ENTRY--PERSONAL NAME
Personal name Rupananda, Widanage
245 ## - TITLE STATEMENT
Title Structural adjustment programmes and the rural agricultural economy: the case study of Monaragala district of Sri Lanka
260 ## - PUBLICATION, DISTRIBUTION, ETC.
Date of publication, distribution, etc. 2002
300 ## - PHYSICAL DESCRIPTION
Extent p.119-37.
650 ## - SUBJECT ADDED ENTRY--TOPICAL TERM
Topical term or geographic name entry element Agricultural economics - Sri Lanka
650 ## - SUBJECT ADDED ENTRY--TOPICAL TERM
Topical term or geographic name entry element Agricultural economics
700 ## - ADDED ENTRY--PERSONAL NAME
Personal name Mensah, Joseph
773 ## - HOST ITEM ENTRY
Main entry heading Regional Development Studies
909 ## -
-- 56847
Holdings
Withdrawn status Lost status Damaged status Not for loan Permanent Location Current Location Date acquired Serial Enumeration / chronology Barcode Date last seen Price effective from Koha item type
        Indian Institute of Public Administration Indian Institute of Public Administration 2018-07-19 Volume no: 8, AR57292 2018-07-19 2018-07-19 Articles

Powered by Koha